000 00470nam a22001817a 4500
003 MPLRDC
005 20220104114629.0
008 210129b ||||| |||| 00| 0 eng d
082 _a192.8 XYCS v.1
100 _a龙和出版有限公司编辑部
245 _a中外名人格言录
_c
250 _a初版
260 _a
_b龙和出版有限公司
_c1988
300 _b381
490 _a修养丛书
650 _a格言; 箴言; 金言
942 _cBK
_o192.8 XYCS v.1
999 _c8980
_d8970